| 000 | 00000nam 2200000zi 4500 |
| 001 | 9.925047 |
| 003 | CaOODSP |
| 005 | 20241203113656 |
| 006 | m o d f |
| 007 | cr mn||||||||| |
| 008 | 230714e200702 quca o f000 0 eng d |
| 020 | |a9780662450603 |q(print) |
| 040 | |aCaOODSP|beng|erda|cCaOODSP |
| 043 | |an-cn--- |
| 086 | 1 |aEn153-113/64-2007E-PDF |
| 086 | 1 |aEn153-113/64-2007E |
| 100 | 1 |aNantel, Lise, |eauthor. |
| 245 | 10|aWastewater : |bEcobox : a biological alternative for advanced secondary treatment of domestic wastewater from isolated dwellings / |cwriter, Lise Nantel. |
| 264 | 1|aMontreal, Quebec : |bEnvironment Canada, Innovation, Monitoring and Industrial Sectors Section, |cFebruary 2007. |
| 264 | 4|c©2007 |
| 300 | |a1 online resource (4 unnumbered pages) : |bcolour illustrations. |
| 336 | |atext|btxt|2rdacontent |
| 337 | |acomputer|bc|2rdamedia |
| 338 | |aonline resource|bcr|2rdacarrier |
| 490 | 1 |aEnvironment, technological innovation, |x1712-0209 |
| 500 | |aIssued also in French under title: Eaux usées : Ecobox : solution biologique pour le traitement secondaire avancé des eaux usées de résidences isolées. |
| 500 | |aTitle appears with a trademark symbol after the word "Ecobox". |
| 500 | |aDigitized edition from print [produced by Environment and Climate Change Canada]. |
| 650 | 0|aSewage|xPurification|xBiological treatment. |
| 650 | 0|aBioreactors. |
| 650 | 0|aSeptic tanks. |
| 710 | 1 |aCanada. |bEnvironment Canada, |eissuing body. |
| 775 | 08|tEaux usées : |w(CaOODSP)9.936184 |
| 776 | 0#|tWastewater - EcoboxTM : |w(CaOODSP)9.618178 |
| 830 | #0|aEnvironment, technological innovation.|w(CaOODSP)9.505115 |
| 856 | 40|qPDF|s3.54 MB|uhttps://publications.gc.ca/collections/collection_2023/eccc/En153-113-64-2007-eng.pdf |